| 000 | 01081cam a22002651i 4500 | ||
|---|---|---|---|
| 003 | SA-RiAUC | ||
| 005 | 20251001124258.0 | ||
| 008 | 250810s1986 su g b 00000bara c | ||
| 040 |
_aSA-RiAUC _bara _cSA-RiAUC _erda |
||
| 082 | 0 | 4 | _a922.117 |
| 090 |
_a922.117 _bع ث ي |
||
| 100 | 1 |
_aالعثيمين، عبد الله بن صالح، _d1356 هجري- _eمؤلف. |
|
| 245 | 1 | 2 |
_aالشيخ محمد بن عبد الوهاب : _bحياته وفكره / _cعبد الله الصالح العثيمين. |
| 250 | _aالطبعة الثانية. | ||
| 264 | 1 |
_aالرياض : _bدار العلوم، _c1986 |
|
| 300 |
_a179 صفحة ؛ _c24 سم |
||
| 336 |
_aنص _btxt _2rdacontent _3كتاب |
||
| 337 |
_aبدون وسيط _bn _2rdamedia |
||
| 338 |
_aمجلد _bnc _2rdacarrier |
||
| 504 | _aببليوجرافية : صفحة 159-176. | ||
| 600 | 1 | 7 |
_aابن عبد الوهاب، محمد بن عبد الوهاب بن سليمان، _d1115-1206 هجري _2aucnm |
| 650 | 7 |
_aالوهابية _2aucsh |
|
| 942 |
_2ddc _cBOOK _n0 |
||
| 949 |
_aSA-JeALM _d250810 _umohamedma123 _n1 |
||
| 999 |
_c12282 _d12282 |
||